|
|
|
|
| LEADER |
01242cam a2200277 a 4500 |
| 001 |
c000279211 |
| 003 |
CARM |
| 005 |
20080108170953.0 |
| 008 |
880317s1988 xnaab 000 0 eng d |
| 019 |
1 |
|
|a 5763965
|z 26711449
|5 LACONCORD2021
|
| 020 |
|
|
|a 0642530904 (pbk.) :
|c $14.95
|
| 035 |
|
|
|a (OCoLC)27509918
|5 LACONCORD2021
|
| 040 |
|
|
|a ANB
|b eng
|c ANB
|d ANB
|
| 042 |
|
|
|a anuc
|
| 043 |
|
|
|a u-at---
|
| 082 |
0 |
4 |
|a 799.1/0994
|2 19
|
| 245 |
0 |
0 |
|a Go fish Australia :
|b all you need to know about freshwater and saltwater fishing - a comprehensive guide for everyone /
|c compiled by Richard Allen [i.e. Allan] for the Australian Recreational and Sport Fishing Confederation.
|
| 260 |
|
|
|a Sydney :
|b ABC Enterprises for the Australian Broadcasting Corporation,
|c 1988.
|
| 300 |
|
|
|a xv, 191 p. :
|b ill., maps ;
|c 25 cm.
|
| 650 |
|
0 |
|a Fishing
|z Australia.
|
| 700 |
1 |
|
|a Allan, Richard,
|d 1932-
|
| 710 |
2 |
|
|a Australian Broadcasting Corporation.
|
| 710 |
2 |
|
|a Australian Recreational and Sport Fishing Confederation
|
| 852 |
8 |
|
|b CARM
|h A1:AL15F0
|i C10656
|p 0462077
|f BK
|
| 999 |
f |
f |
|i 39b25de6-aa9b-5c5f-8826-c89f79491495
|s 71c1d7a1-1aa3-5e10-aaa0-7c6af471b285
|
| 952 |
f |
f |
|p Can circulate
|a CAVAL
|b CAVAL
|c CAVAL
|d CARM 1 Store
|e C10656
|f A1:AL15F0
|h Other scheme
|i book
|m 0462077
|